Biggest Trading Partners - Türkiye 2024 - Statistics

General Stats
  • This quiz has been taken 27 times
  • The average score is 20 of 22
Answer Stats
Answer % Correct
China
100%
Germany
100%
India
100%
Italy
100%
Japan
100%
Spain
100%
United States
100%
Greece
96%
Russia
96%
South Korea
96%
United Kingdom
96%
Egypt
92%
France
92%
Iraq
88%
Poland
88%
Belgium
85%
Bulgaria
85%
Netherlands
85%
Romania
85%
Switzerland
81%
United Arab Emirates
81%
Malaysia
50%
No matching quizzes found
Score Distribution
Percent of People with Each Score
Percentile by Number Answered
Your Score History
You have not taken this quiz